ბათუმის შოთა რუსთაველის სახელმწიფო უნივერსიტეტის ბიბლიოთეკა

Menschen A1/2 : (ბიბ.ჩანაწერი № 55502)

000 -LEADER
fixed length control field 00795nam a2200253Ia 4500
001 - CONTROL NUMBER
control field 22584
003 - CONTROL NUMBER IDENTIFIER
control field GE_BSU
005 - DATE AND TIME OF LATEST TRANSACTION
control field 20230330162636.0
008 - FIXED-LENGTH DATA ELEMENTS--GENERAL INFORMATION
fixed length control field 181216s ||||-ge|||||||||||||| ||ger||
020 ## - INTERNATIONAL STANDARD BOOK NUMBER
International Standard Book Number 9783195119016
040 ## - CATALOGING SOURCE
Transcribing agency GE_BSU
041 ## - LANGUAGE CODE
Language code of text/sound track or separate title ger
080 ## - UNIVERSAL DECIMAL CLASSIFICATION NUMBER
Universal Decimal Classification number 811.112.1 G-51
100 ## - MAIN ENTRY--PERSONAL NAME
Personal name Glas-Peters, Sabine
9 (RLIN) 16347
245 ## - TITLE STATEMENT
Title Menschen A1/2 :
Remainder of title Deutsch als Fremdsprache Arbeitsbuch /
Statement of responsibility, etc. Sabine Glas-Peters,Angela Pude, Monika Reimann.
264 ## - PRODUCTION, PUBLICATION, DISTRIBUTION, MANUFACTURE, AND COPYRIGHT NOTICE
Place of production, publication, distribution, manufacture Munchen :
Name of producer, publisher, distributor, manufacturer Hueber Verlag,
Date of production, publication, distribution, manufacture, or copyright notice 2012.
300 ## - PHYSICAL DESCRIPTION
Extent 108 p.;
Other physical details ill,
Dimensions 29 cm.
Accompanying material +1CD-Rom. A1.2
653 ## - INDEX TERM--UNCONTROLLED
keyword Menschen A1/2.Deutsch als Fremdsprache Arbeitsbuch
653 ## - INDEX TERM--UNCONTROLLED
keyword გერმანული ენა
700 ## - ADDED ENTRY--PERSONAL NAME
Personal name Pude, Angela
Relator term by
9 (RLIN) 17387
700 ## - ADDED ENTRY--PERSONAL NAME
Personal name Reimann, Monika
Relator term by
9 (RLIN) 17388
942 ## - ADDED ENTRY ELEMENTS (KOHA)
Koha item type წიგნი
Source of classification or shelving scheme
ეგზემპლარები
Withdrawn status Lost status Source of classification or shelving scheme Damaged status Not for loan Permanent Location Current Location Shelving location Date acquired Cost, normal purchase price Full call number Barcode Date last seen Copy number Price effective from Koha item type Public note
          ბათუმის შოთა რუსთაველის სახელმწიფო უნივერსიტეტის მთავარი ბიბლიოთეკა ბათუმის შოთა რუსთაველის სახელმწიფო უნივერსიტეტის მთავარი ბიბლიოთეკა წიგნსაცავი 2018-12-17 38.00 811.112.1 G-51 57864 2018-12-17 57864 2018-12-17 წიგნი 38.00 GEL.